000 00269nam a22001337a 4500
008 180918b xxu||||| |||| 00| 0 eng d
041 _aeng
080 _23rd
_a61
082 _a61
100 _a6
101 _aANE
245 _aAnasthesia
_cScurr,C
942 _2udc
_cBK
999 _c47950
_d47950